| 000 | 00936nam a22002897a 4500 | ||
|---|---|---|---|
| 003 | EG-ScBUE | ||
| 005 | 20220807113333.0 | ||
| 008 | 091115s2009 enka f 000 0 eng d | ||
| 020 | _a9780230029156 | ||
| 040 |
_aEG-ScBUE _beng _erda _cEG-ScBUE _dEG-ScBUE |
||
| 082 | 0 | 4 |
_222 _a428.4 _bMCA |
| 100 | 1 |
_aMcAvoy, Jackie, _eauthor. |
|
| 245 | 1 | 0 |
_aEffective reading. _n2, _pPre-intermediate / _cJackie McAvoy. |
| 246 | 3 | 0 | _aPre-intermediate |
| 264 | 1 |
_aOxford : _bMacmillan Education, _c2009. |
|
| 300 |
_a128 pages : _billustrations ; _c26 cm |
||
| 336 |
_2rdacontent _atext _btxt |
||
| 337 |
_2rdamedia _aunmediated _bn |
||
| 338 |
_2rdacarrier _avolume _bnc |
||
| 650 | 7 |
_aReading. _2BUEsh _93426 |
|
| 650 | 7 |
_aReading comprehension. _2BUEsh _913995 |
|
| 650 | 7 |
_aEnglish language _xComposition and exercises. _2BUEsh _912876 |
|
| 651 | _2BUEsh | ||
| 653 |
_bHHUUEENN _cDecember2017 |
||
| 655 |
_vReading book _934232 |
||
| 942 |
_2ddc _cBB |
||
| 999 |
_c12911 _d12911 |
||